UM Logo
Normal view MARC view
  • Dugay, Ronalyn G.

Entry Personal Name

Number of records used in: 1

001 - CONTROL NUMBER

  • control field: 60795

003 - CONTROL NUMBER IDENTIFIER

  • control field: OSt

005 - DATE AND TIME OF LATEST TRANSACTION

  • control field: 20240912080944.0

008 - FIXED-LENGTH DATA ELEMENTS

  • fixed length control field: 240912|| aca||aabn | a|a d

040 ## - CATALOGING SOURCE

  • Original cataloging agency: OSt
  • Transcribing agency: OSt

100 ## - HEADING--PERSONAL NAME

  • Personal name: Dugay, Ronalyn G.
  • Relator term: author.

670 ## - SOURCE DATA FOUND

  • Source citation: Work cat.: (OSt): Dugay, Ronalyn G. author., Joint force of teacher and parent in enhancing the pupils' educational attainment /, December 2019.